| 000 | 00806nam a2200217 a 4500 | ||
|---|---|---|---|
| 001 | 1653631 | ||
| 008 | 150324s1997 ||||||||||||||||| || u | ||
| 010 | _a97026454 | ||
| 020 | _a0821339796 | ||
| 050 | _aIBRD(06)DD/1997/2 | ||
| 100 | _aAhuja, Vinod | ||
| 245 | 1 | 0 |
_aEveryone's miracle? : revisiting poverty and inequality in East Asia _cVinod Ahuja (and others) |
| 260 |
_aWashington, D.C. _bWorld Bank _c1997 |
||
| 300 | _avi, 107 p. : ill. | ||
| 490 | _aDirections in development | ||
| 500 | _aIncludes bibliographical references | ||
| 650 | _aEQUALITY--EAST ASIA | ||
| 650 | _aPOVERTY--ASIA, EAST | ||
| 650 | _aINCOME DISTRIBUTION--ASIA, EAST | ||
| 995 |
_FCBU-MAIN LIBRARY (Kitwe) _M1 _UAVAILABLE _WMar 24, 2015 _ZInternational Publications |
||
| 999 |
_c42766 _d42766 |
||